The signifcance of Sinai : traditions about Sinai and divine revelation in Judaism and Christianity /

Bibliographic Details
Other Authors: Brooke, George J., Najman, Hindy, Stuckenbruck, Loren T.
Format: Book
Language:English
Published: Leiden ; Boston : Brill, 2008.
Series:Themes in biblical narrative ; v. 12.
Subjects:

MARC

Tag First Indicator Second Indicator Subfields
LEADER 00000cam a22000004a 4500
001 in00002435521
005 20151109200848.0
008 080904s2008 ne b 001 0 eng
010 |a  2008038904 
020 |a 9789004170186 (hardback : alk. paper) 
020 |a 9004170189 (hardback : alk. paper) 
035 |a (OCoLC)ocn244058875 
035 |a (OCoLC)244058875 
040 |a DLC  |c DLC  |d BTCTA  |d BAKER  |d YDXCP  |d ERASA  |d C#P  |d BWX  |d UtOrBLW 
049 |a TXAM 
050 0 0 |a BM612  |b .S59 2008 
082 0 0 |a 221.6  |2 22 
245 0 4 |a The signifcance of Sinai :  |b traditions about Sinai and divine revelation in Judaism and Christianity /  |c edited by George J. Brooke, Hindy Najman and Loren T. Stuckenbruck. 
264 1 |a Leiden ;  |a Boston :  |b Brill,  |c 2008. 
300 |a xiv, 386 pages ;  |c 25 cm. 
336 |a text  |b txt  |2 rdacontent 
337 |a unmediated  |b n  |2 rdamedia 
338 |a volume  |b nc  |2 rdacarrier 
490 1 |a Themes in biblical narrative,  |x 1388-3909 ;  |v v. 12 
504 |a Includes bibliographical references and indexes. 
650 0 |a Revelation on Sinai. 
630 0 0 |a Ten commandments. 
630 0 0 |a Dead Sea scrolls. 
630 0 0 |a Bible.  |p Old Testament  |x Criticism, interpretation, etc. 
650 0 |a Rabbinical literature  |x History and criticism. 
630 0 0 |a Bible.  |p Epistles of Paul  |x Criticism, interpretation, etc. 
650 0 |a Jews  |x History  |y 168 B.C.-135 A.D. 
650 0 |a Jewish philosophy. 
700 1 |a Brooke, George J. 
700 1 |a Najman, Hindy. 
700 1 |a Stuckenbruck, Loren T. 
830 0 |a Themes in biblical narrative ;  |v v. 12. 
938 |a Baker and Taylor  |b BTCP  |n BK0007905170 
938 |a Baker & Taylor  |b BKTY  |c 189.00  |d 189.00  |i 9004170189  |n 0007905170  |s active 
938 |a YBP Library Services  |b YANK  |n 2870433 
938 |a Erasmus Boekhandel  |b ERAA  |n NTS0000016979 
938 |a Blackwell Book Service  |b BBUS  |n R1746602  |c $189.00 
945 |a PromptCat  |b 567186 
946 |a stk 
947 |a A14836692646 
994 |a 92  |b TXA 
948 |a cataloged  |b h  |d 2008/12/4  |h c  |e asalazar  |f 1:55:35 pm 
999 |a MARS 
999 f f |s 17873fca-7d8f-30a4-bfa5-b2d0856816bd  |i 52535d92-6acb-3bb8-9bf7-102e0eba0eea  |t 0 
952 f f |p ric  |a Texas A&M University  |b Rellis Campus  |c Joint Library Facility  |d Remote Storage  |t 0  |e BM612 .S59 2008  |h Library of Congress classification  |i unmediated -- volume  |m A14836692646 
998 f f |a BM612 .S59 2008  |t 0  |l Remote Storage